James Bond by Pictures - Statistics

General Stats
  • This quiz has been taken 22 times
  • The average score is 13 of 15
Answer Stats
Picture Hint Answer % Correct
Author Ian Fleming
100%
Character M
100%
Singer Adèle
95%
Intelligence service MI6
95%
Actor Roger Moore
95%
City Venice
95%
Cocktail Vodka Martini
95%
Car Aston Martin
90%
Type of character James Bond girl
90%
Studio Metro-Goldwyn-Mayer
90%
Character Miss Moneypenny
90%
Country USSR
85%
Criminal organisation SPECTRE
75%
Director Sam Mendes
60%
City Monaco
55%
No matching quizzes found
Score Distribution
Percent of People with Each Score
Percentile by Number Answered
Your Score History
You have not taken this quiz